|
|
|
|
| LEADER |
00000cam a2200000 ca4500 |
| 001 |
1177989220 |
| 003 |
DE-627 |
| 005 |
20230323113655.0 |
| 007 |
tu |
| 008 |
031112m20032014gw ||||| c 00| ||ger c |
| 035 |
|
|
|a (DE-627)1177989220
|
| 035 |
|
|
|a (DE-576)107989220
|
| 035 |
|
|
|a (DE-599)BSZ107989220
|
| 040 |
|
|
|a DE-627
|b ger
|c DE-627
|e rakwb
|
| 041 |
|
|
|a ger
|
| 044 |
|
|
|c XA-DE-HE
|
| 084 |
|
|
|a AM 86730
|2 rvk
|0 (DE-625)rvk/5434:
|
| 245 |
0 |
4 |
|a Die Handschriften der Stiftsbibliothek St. Gallen
|
| 246 |
3 |
3 |
|a Die Handschriften der Stiftsbibliothek Sankt Gallen
|
| 264 |
|
1 |
|a Wiesbaden
|b Harrassowitz
|c 2003-2014
|
| 336 |
|
|
|a Text
|b txt
|2 rdacontent
|
| 337 |
|
|
|a ohne Hilfsmittel zu benutzen
|b n
|2 rdamedia
|
| 338 |
|
|
|a Band
|b nc
|2 rdacarrier
|
| 515 |
|
|
|a 1 (2003) -
|
| 601 |
|
|
|a Stiftsbibliothek
|
| 655 |
|
7 |
|a Katalog
|0 (DE-588)4163417-2
|0 (DE-627)105454966
|0 (DE-576)209880899
|2 gnd-content
|
| 689 |
0 |
0 |
|d b
|0 (DE-588)2089619-0
|0 (DE-627)100376835
|0 (DE-576)192631594
|2 gnd
|a Stiftsbibliothek St. Gallen
|
| 689 |
0 |
1 |
|d s
|0 (DE-588)4023287-6
|0 (DE-627)10457187X
|0 (DE-576)208948376
|2 gnd
|a Handschrift
|
| 689 |
0 |
|
|5 (DE-627)
|
| 700 |
1 |
|
|0 (DE-588)12146122X
|0 (DE-627)081323026
|0 (DE-576)162873549
|4 oth
|a Scarpatetti, Beat Matthias von
|d 1941-
|
| 710 |
2 |
|
|0 (DE-588)2089619-0
|0 (DE-627)100376835
|0 (DE-576)192631594
|4 oth
|a Stiftsbibliothek St. Gallen
|
| 889 |
|
|
|w (DE-576)483813745
|
| 936 |
r |
v |
|a AM 86730
|b Stiftsbibliothek
|k Allgemeines
|k Schrift und Handschriftenkunde. Schriftarten und Schreiben
|k Handschriftenkunde
|k Handschriftenkataloge
|k Handschriftenkataloge nach Autoren und Standorten
|k Kataloge einzelner Bibliotheken, Archive und Museen
|k Orte S
|k Sankt Gallen
|k Stiftsbibliothek
|0 (DE-627)1270673890
|0 (DE-625)rvk/5434:
|0 (DE-576)200673890
|
| 951 |
|
|
|a MC
|
| ELC |
|
|
|b 1
|
| ITA |
|
|
|a 1
|t 1
|
| LOK |
|
|
|0 000 xxxxxcx a22 zn 4500
|
| LOK |
|
|
|0 001 2433653800
|
| LOK |
|
|
|0 003 DE-627
|
| LOK |
|
|
|0 004 1177989220
|
| LOK |
|
|
|0 005 20191202110243
|
| LOK |
|
|
|0 008 040617||||||||||||||||ger|||||||
|
| LOK |
|
|
|0 040
|a DE-21
|c DE-627
|d DE-21
|
| LOK |
|
|
|0 852
|a DE-21
|
| LOK |
|
|
|0 852 1
|9 00
|
| LOK |
|
|
|0 938
|l 51
|8 2
|
| LOK |
|
|
|0 939
|a 17-06-04
|b l01
|
| ORI |
|
|
|a SA-MARC-ixtheob001.raw
|
| SPR |
|
|
|a 1
|t IXT
|
| STA |
0 |
0 |
|a Handwriting,Manuscript,Script
|
| STB |
0 |
0 |
|a Écriture,Manuscrit
|
| STC |
0 |
0 |
|a Grafía,Manuscrito
|
| STD |
0 |
0 |
|a Grafia,Manoscritto
|
| STE |
0 |
0 |
|a 笔迹,手抄本,手稿
|
| STF |
0 |
0 |
|a 筆跡,手抄本,手稿
|
| STG |
0 |
0 |
|a Grafia,Manuscrito
|
| STH |
0 |
0 |
|a Почерк,Рукопись
|
| STI |
0 |
0 |
|a Γραφικός χαρακτήρας (γραφολογία),Χειρόγραφο
|
| SYG |
0 |
0 |
|a Stiftsbibliothek Sankt Gallen,Kloster St. Gallen,Stiftsbibliothek,Klosterbibliothek von St. Gallen,Klosterbibliothek Sankt Gallen,Abbey Library of St. Gallen,Abbey Library of Saint Gallen,Bibliothek von St. Gallen,Sankt Gallen, Stiftsbibliothek,Stiftsbibliothek , Buchhandschrift,Handschriften
|